Giờ phút then chốt ( Những vấn đề cần giải quyết gấp của Trung Quốc ngày nay )

Na minha lista:
Detalhes bibliográficos
Autor principal: Hứa Minh
Formato: Livro
Idioma:Undetermined
Publicado em: H. CAND 2003
Assuntos:
Tags: Adicionar Tag
Sem tags, seja o primeiro a adicionar uma tag!
Thư viện lưu trữ: Trung tâm Học liệu Trường Đại học Cần Thơ
LEADER 00607nam a2200205Ia 4500
001 CTU_58023
008 210402s9999 xx 000 0 und d
020 |b 75000 
082 |a 951 
082 |b M312 
100 |a Hứa Minh 
245 0 |a Giờ phút then chốt ( Những vấn đề cần giải quyết gấp của Trung Quốc ngày nay ) 
245 0 |c Hứa Minh; Đào Văn Lưu biên dịch 
260 |a H. 
260 |b CAND 
260 |c 2003 
650 |a china 
650 |x history 
904 |i Minh 
980 |a Trung tâm Học liệu Trường Đại học Cần Thơ